000 01247nam a22003377a 4500
003 CHAP
005 20220329134004.0
008 971013s1981 r 00010 d
010 _a13669
011 _a14641
035 _a18715
040 _cCHAP
090 _aTesis
100 0 0 _aGonzález Caravantes, Daniel.
_948763
245 _aDeterminación de los coeficientes, de desarrollo (Kd), de cultivo (Kc), global (K ) y del tanque evaporímetro (C), para el cultivo del trigo (Triticum aestivum) en la región de Marín, N.L.
260 _aMarín, N.L. :
_bEl autor,
_c1981
300 _a115 h.
_b: gráfs
502 _aTesis (Ing. Agrónomo Fitotecnista) -- Universidad Autónoma de Nuevo León. Fac. de Agronomía
590 _aALEPH
_b10
_c20130110
_lUCH01
_h1233
590 _aBATCH-UPD
_b10
_c20130110
_lUCH01
_h1155
590 _aBATCH-UPD
_b10
_c20130410
_lUCH01
_h0738
590 _aBATCH-UPD
_b10
_c20130914
_lUCH01
_h1334
590 _aCONVERSION
_b10
_c20130109
_lUCH01
_h1309
650 1 4 _aEvapotranspiración.
_938968
650 1 4 _aTrigo
_xAgua requerida.
_9114956
650 1 4 _aTrigo
_xIrrigación.
_9115050
650 1 4 _aTrigo
_xNuevo León.
_9115069
901 _aBK
942 _cTESIS
949 _bBC
_cTES
_d-43561
_eTS1
_i18715
_si
999 _c13669
_d13669